Fyzikálne metódy skúmania plastických látok /
Gespeichert in:
| 1. Verfasser: | |
|---|---|
| Format: | Buch |
| Sprache: | Slowakisch |
| Veröffentlicht: |
Bratislava :
SVŠT v Bratislave,
1984
|
| Ausgabe: | 3.vyd., 1.dotl. |
| Schlagworte: | |
| Online-Zugang: | OBSAH |
| Tags: |
Keine Tags, Fügen Sie das erste Tag hinzu!
|
MARC
| LEADER | 00000nam a22000003a 4500 | ||
|---|---|---|---|
| 001 | stu41015 | ||
| 005 | 20150617225721.8 | ||
| 008 | 930621s1984----cs------------------slo-d | ||
| 040 | |a STU |b slo | ||
| 041 | 0 | |a slo | |
| 044 | |a cs | ||
| 080 | |a 678.5(075.8) | ||
| 100 | 1 | |a Štaudner, Emil |4 aut | |
| 245 | 1 | |a Fyzikálne metódy skúmania plastických látok / |c [aut.]Emil Štaudner | |
| 250 | |a 3.vyd., 1.dotl. | ||
| 260 | |a Bratislava : |b SVŠT v Bratislave, |c 1984 | ||
| 300 | |a 188 s | ||
| 650 | 7 | |a plasty |2 stusub | |
| 650 | 7 | |a skúmanie |2 stusub | |
| 650 | 7 | |a metódy fyzikálne |2 stusub | |
| 650 | 7 | |a Látky plastické |2 stusub | |
| 856 | 4 | |a https://sweb.mtf.stuba.sk/obsahy/Fyzikalne_metody_skumania_plastickych_latok_84 |u https://sweb.mtf.stuba.sk/obsahy/Fyzikalne_metody_skumania_plastickych_latok_84 |3 OBSAH | |
| 996 | |b 284M038400 |c M*S-799-1 |l MMKN |s A |a 24 |w stu41015_0001 | ||